[Event "Titled Tuesday intern op 30th May Late"]
[Site "Chess.com INT"]
[Date "2023.05.30"]
[Round "4"]
[White "Guzman Lozano, Campo Elias"]
[Black "Almeida Junior, Alvaro Alves de"]
[Result "1-0"]
[WhiteElo "1924"]
[BlackElo "2062"]
[PlyCount "59"]
[EventDate "2023.05.30"]
[EventType "swiss (blitz)"]
[EventRounds "11"]
[EventCountry "USA"]
[SourceTitle "CBM 214 Extra"]
[Source "ChessBase"]
[SourceDate "2023.07.31"]
[SourceVersion "1"]
[SourceVersionDate "2023.07.31"]
[SourceQuality "1"]

1. e4 c5 2. Na3 e6 3. c3 d5 4. exd5 exd5 5. d4 Nf6 6. Nf3 Bd6 7. dxc5 Bxc5 8. Bb5+ Bd7 9. Qe2+ Qe7 10. b4 Bd6 11. 0-0 Bxb5 12. Qxb5+ Qd7 13. Re1+ Kf8 14. Qd3 Nc6 15. Nb5 a6 16. Nxd6 Qxd6 17. a4 Rd8 18. Ba3 b5 19. axb5 axb5 20. Qxb5 Ne4 21. Qd3 Qg6 22. b5+ Ne7 23. Ne5 Qf5 24. Nc6 Qxf2+ 25. Kh1 Qxe1+ 26. Rxe1 Nf2+ 27. Kg1 Nxd3 28. Bxe7+ Kg8 29. Re3 Re8 30. Rxd3 1-0

[Event "Titled Tuesday intern op 11th Apr Late"]
[Site "Chess.com INT"]
[Date "2023.04.11"]
[Round "7"]
[White "Almeida Junior, Alvaro Alves de"]
[Black "Hajiyev, Kanan"]
[Result "1-0"]
[WhiteElo "2062"]
[BlackElo "2194"]
[PlyCount "125"]
[EventDate "2023.04.11"]
[EventType "swiss (blitz)"]
[EventRounds "11"]
[EventCountry "USA"]
[SourceTitle "CBM 213 Extra"]
[Source "ChessBase"]
[SourceDate "2023.05.31"]
[SourceVersion "1"]
[SourceVersionDate "2023.05.31"]
[SourceQuality "1"]

1. e4 c6 2. d4 d5 3. exd5 cxd5 4. Bd3 Nc6 5. c3 Qc7 6. Ne2 Bg4 7. f3 Bh5 8. Bf4 Qd7 9. 0-0 e6 10. Nd2 Bd6 11. Bxd6 Qxd6 12. Qb3 Rb8 13. Rae1 Nf6 14. Ng3 Bg6 15. Nf5 Bxf5 16. Bxf5 0-0 17. Bb1 b5 18. a3 Rfc8 19. f4 g6 20. Qd1 a5 21. Nf3 b4 22. axb4 axb4 23. Ne5 bxc3 24. bxc3 Na5 25. Rf3 Rb3 26. Qd2 Qa3 27. f5 exf5 28. Bxf5 Rcxc3 29. Bxg6 hxg6 30. Rxf6 Nc4 31. Qg5 Nxe5 32. dxe5 Qc5+ 33. Kh1 Qf8 34. e6 Rb7 35. exf7+ Rxf7 36. Rxg6+ Rg7 37. Rxg7+ Qxg7 38. Re8+ Kh7 39. Qxg7+ Kxg7 40. h3 Kf7 41. Rd8 Ke6 42. Kh2 Re3 43. Re8+ Kf5 44. Rxe3 d4 45. Rd3 Ke4 46. Rxd4+ Kxd4 47. Kg3 Ke5 48. Kg4 Kf6 49. Kf4 Kg6 50. g4 Kh6 51. Kf5 Kg7 52. Kg5 Kh7 53. h4 Kg7 54. h5 Kh7 55. h6 Kh8 56. Kg6 Kg8 57. g5 Kh8 58. Kf7 Kh7 59. g6+ Kxh6 60. g7 Kh5 61. g8Q Kh4 62. Qg2 Kh5 63. Kf6 1-0

[Event "Titled Tuesday intern op 11th Apr Late"]
[Site "Chess.com INT"]
[Date "2023.04.11"]
[Round "1"]
[White "Almeida Junior, Alvaro Alves de"]
[Black "Sherman, Reem"]
[Result "0-1"]
[WhiteElo "2062"]
[BlackElo "2213"]
[PlyCount "72"]
[EventDate "2023.04.11"]
[EventType "swiss (blitz)"]
[EventRounds "11"]
[EventCountry "USA"]
[SourceTitle "CBM 213 Extra"]
[Source "ChessBase"]
[SourceDate "2023.05.31"]
[SourceVersion "1"]
[SourceVersionDate "2023.05.31"]
[SourceQuality "1"]

1. e4 g6 2. d4 Bg7 3. Nc3 d6 4. Be3 a6 5. Qd2 b5 6. a3 Nd7 7. f4 Bb7 8. Nf3 Ngf6 9. Bd3 e5 10. dxe5 dxe5 11. fxe5 Ng4 12. Bg5 Qb8 13. 0-0-0 0-0 14. h3 Ngxe5 15. Bh6 Nxd3+ 16. cxd3 Nc5 17. Kb1 Bc8 18. Bxg7 Kxg7 19. Qg5 Nb3 20. Nd5 f6 21. Qf4 c6 22. Nc7 Bd7 23. Qd6 Rf7 24. e5 Bf5 25. Ne6+ Bxe6 26. Qxe6 Nc5 27. exf6+ Kg8 28. Qa2 h6 29. Rhe1 Qd6 30. Re7 Qxf6 31. Rde1 Raf8 32. b4 Nxd3 33. R1e2 Nf4 34. R2e4 Nd5 35. Rxf7 Rxf7 36. Qe2 Nc3+ 0-1

[Event "Titled Tuesday intern op 11th Apr Late"]
[Site "Chess.com INT"]
[Date "2023.04.11"]
[Round "6"]
[White "Davtyan, David"]
[Black "Almeida Junior, Alvaro Alves de"]
[Result "0-1"]
[WhiteElo "2374"]
[BlackElo "2062"]
[PlyCount "118"]
[EventDate "2023.04.11"]
[EventType "swiss (blitz)"]
[EventRounds "11"]
[EventCountry "USA"]
[SourceTitle "CBM 213 Extra"]
[Source "ChessBase"]
[SourceDate "2023.05.31"]
[SourceVersion "1"]
[SourceVersionDate "2023.05.31"]
[SourceQuality "1"]

1. e4 c5 2. Nc3 Nc6 3. g3 g6 4. Bg2 Bg7 5. d3 e6 6. Be3 d6 7. Qd2 Rb8 8. Nge2 a6 9. a3 b5 10. 0-0 Nge7 11. d4 cxd4 12. Nxd4 0-0 13. Rad1 Ne5 14. b3 Bb7 15. h3 d5 16. f4 N5c6 17. Nxc6 Bxc6 18. exd5 exd5 19. Nxd5 Bxd5 20. Bxd5 Nxd5 21. Qxd5 Qc7 22. Qc5 Qb7 23. Qd5 Qc7 24. Qg2 Rfe8 25. Bd4 Bxd4+ 26. Rxd4 Qc5 27. Qf2 Qxa3 28. f5 Rb7 29. fxg6 hxg6 30. Rh4 Qe7 31. Qf6 Qxf6 32. Rxf6 Re6 33. Rxe6 fxe6 34. Re4 Kf7 35. Kf2 Rc7 36. Re2 Rc3 37. h4 a5 38. g4 a4 39. bxa4 bxa4 40. Re4 Rxc2+ 41. Kg3 a3 42. Ra4 a2 43. Kf4 Rc4+ 44. Rxc4 a1Q 45. Rc7+ Kf8 46. Rh7 Qf6+ 47. Ke4 Kg8 48. Rd7 Qxh4 49. Ke5 Qxg4 50. Kf6 Qf5+ 51. Ke7 Qf7+ 52. Kd6 Qxd7+ 53. Kxd7 Kf7 54. Kd6 Kf6 55. Kc5 Kf5 56. Kd4 Kf4 57. Kd3 Kf3 58. Kd2 Kf2 59. Kd3 g5 0-1

[Event "Titled Tuesday intern op 11th Apr Late"]
[Site "Chess.com INT"]
[Date "2023.04.11"]
[Round "9"]
[White "Prydun, Andriy"]
[Black "Almeida Junior, Alvaro Alves de"]
[Result "0-1"]
[WhiteElo "2134"]
[BlackElo "2062"]
[PlyCount "48"]
[EventDate "2023.04.11"]
[EventType "swiss (blitz)"]
[EventRounds "11"]
[EventCountry "USA"]
[SourceTitle "CBM 213 Extra"]
[Source "ChessBase"]
[SourceDate "2023.05.31"]
[SourceVersion "1"]
[SourceVersionDate "2023.05.31"]
[SourceQuality "1"]

1. e4 c5 2. Nf3 d6 3. c3 Nf6 4. h3 Nc6 5. Bd3 e5 6. Bc2 Be6 7. 0-0 Be7 8. d3 0-0 9. Nbd2 b5 10. a3 a5 11. d4 cxd4 12. cxd4 exd4 13. Re1 Qb6 14. Nb3 Bxb3 15. Bxb3 b4 16. Bd5 Nxd5 17. exd5 Ne5 18. Nxd4 Bf6 19. axb4 axb4 20. Rxa8 Rxa8 21. Nf3 h6 22. Be3 Qb5 23. Nxe5 Bxe5 24. Qe2 Qxe2 0-1

[Event "Titled Tuesday intern op 27th Dec Early"]
[Site "Chess.com INT"]
[Date "2022.12.27"]
[Round "2"]
[White "Kabanov, Nikolai"]
[Black "Almeida Junior, Alvaro Alves de"]
[Result "1-0"]
[WhiteElo "2446"]
[BlackElo "2057"]
[PlyCount "121"]
[EventDate "2022.12.27"]
[EventType "swiss (blitz)"]
[EventRounds "11"]
[EventCountry "USA"]
[SourceTitle "EXT 2024"]
[Source "ChessBase"]
[SourceDate "2023.10.10"]
[SourceVersion "1"]
[SourceVersionDate "2023.10.10"]
[SourceQuality "1"]

1. e4 c5 2. Nf3 d6 3. d4 cxd4 4. Nxd4 Nf6 5. Nc3 a6 6. Be2 e5 7. Nb3 Be6 8. 0-0 Be7 9. Qd3 Nbd7 10. Bd2 Rc8 11. Nd5 Bxd5 12. exd5 Qc7 13. Rfc1 b5 14. a4 bxa4 15. Rxa4 0-0 16. Rxa6 Qb7 17. Na5 Qxb2 18. Nc6 Rfe8 19. Ra7 Bf8 20. c4 Nc5 21. Qc2 Qxc2 22. Rxc2 Ra8 23. Rca2 Rxa7 24. Rxa7 Nb3 25. Be3 Ne4 26. Bg4 Nbc5 27. f3 Nf6 28. Bh3 Nd3 29. Kf1 Nb2 30. Na5 Rb8 31. Ke2 Rb4 32. Bd2 Ra4 33. Rc7 g6 34. Rc8 Kg7 35. Bc3 Ra2 36. Bxb2 Rxb2+ 37. Kd3 Be7 38. Nc6 Bf8 39. Rc7 Nh5 40. g3 Rxh2 41. Be6 Kh6 42. Rxf7 Bg7 43. c5 dxc5 44. d6 Rh1 45. Kc2 Rh2+ 46. Kd3 Rh1 47. d7 Rd1+ 48. Kc4 Rd6 49. d8Q Rxd8 50. Nxd8 e4 51. fxe4 Nf6 52. Bd5 Ne8 53. Ne6 Nd6+ 54. Kxc5 Nxf7 55. Nxg7 Ne5 56. Ne6 Nd3+ 57. Kd6 Nf2 58. e5 g5 59. Nd4 Kg6 60. e6 Kf6 61. e7 1-0

[Event "BRA-ch 88th"]
[Site "Recife"]
[Date "2022.12.21"]
[Round "9"]
[White "Gusmao Neto, Niceas Arcoverde"]
[Black "Almeida Junior, Alvaro Alves de"]
[Result "0-1"]
[WhiteElo "1873"]
[BlackElo "2057"]
[PlyCount "46"]
[EventDate "2022.12.15"]
[EventType "swiss"]
[EventRounds "11"]
[EventCountry "BRA"]
[SourceTitle "CBM 212 Extra"]
[Source "ChessBase"]
[SourceDate "2023.03.31"]
[SourceVersion "1"]
[SourceVersionDate "2023.03.31"]
[SourceQuality "1"]

1. f4 d5 2. Nf3 g6 3. d3 Bg7 4. c3 c5 5. Nbd2 Qc7 6. Nb3 Nf6 7. Qc2 0-0 8. e4 dxe4 9. dxe4 b6 10. e5 Nd5 11. Bc4 Be6 12. Qe4 Qc6 13. Ng5 b5 14. Nxe6 fxe6 15. Na5 Qd7 16. Be2 c4 17. Bd2 Na6 18. b4 Rad8 19. Rd1 Qc7 20. a3 Nc5 21. Qd4 Nd3+ 22. Bxd3 Nxf4 23. Qxd8 Qxe5+ 0-1

[Event "BRA-ch 88th"]
[Site "Recife"]
[Date "2022.12.19"]
[Round "6"]
[White "Da Fonseca Pinto, Joao Gabriel Alves"]
[Black "Almeida Junior, Alvaro Alves de"]
[Result "1-0"]
[WhiteElo "1622"]
[BlackElo "2057"]
[PlyCount "43"]
[EventDate "2022.12.15"]
[EventType "swiss"]
[EventRounds "11"]
[EventCountry "BRA"]
[SourceTitle "CBM 212 Extra"]
[Source "ChessBase"]
[SourceDate "2023.03.31"]
[SourceVersion "1"]
[SourceVersionDate "2023.03.31"]
[SourceQuality "1"]

1. e4 c5 2. Nf3 d6 3. d4 cxd4 4. Nxd4 Nf6 5. Nc3 a6 6. f3 e5 7. Nb3 Be6 8. Be3 Nbd7 9. Qd2 Rc8 10. 0-0-0 Qc7 11. Kb1 b5 12. a3 Be7 13. g4 Nb6 14. Na5 0-0 15. g5 Nh5 16. h4 Rfd8 17. Bxb6 Qxb6 18. Nd5 Bxd5 19. exd5 Nf4 20. Nc6 Re8 21. Bh3 Rc7 22. Bf5 1-0

[Event "BRA-ch 88th"]
[Site "Recife"]
[Date "2022.12.18"]
[Round "5"]
[White "De Saboya E Silva, Jose Frederic"]
[Black "Almeida Junior, Alvaro Alves de"]
[Result "1-0"]
[WhiteElo "1948"]
[BlackElo "2057"]
[PlyCount "47"]
[EventDate "2022.12.15"]
[EventType "swiss"]
[EventRounds "11"]
[EventCountry "BRA"]
[SourceTitle "CBM 212 Extra"]
[Source "ChessBase"]
[SourceDate "2023.03.31"]
[SourceVersion "1"]
[SourceVersionDate "2023.03.31"]
[SourceQuality "1"]

1. Nf3 Nf6 2. c4 d5 3. cxd5 Nxd5 4. e4 Nb6 5. d4 Bg4 6. Be2 Nc6 7. Be3 Bxf3 8. gxf3 e5 9. d5 Bb4+ 10. Nc3 Na5 11. Rg1 g6 12. Qc2 Qd7 13. 0-0-0 Bxc3 14. Qxc3 Qa4 15. Qxe5+ Kd7 16. d6 Rae8 17. dxc7+ Kc8 18. Rd8+ Rxd8 19. cxd8Q+ Rxd8 20. Bf4 Na8 21. Bb5 Nc6 22. Bxa4 Nxe5 23. Bxe5 Nb6 24. Bb3 1-0

[Event "Niteroi op 2nd"]
[Site "Niteroi"]
[Date "2022.09.05"]
[Round "7"]
[White "Boabaid, Jorge Alberto Duard"]
[Black "Almeida Junior, Alvaro Alves de"]
[Result "0-1"]
[WhiteElo "1780"]
[BlackElo "2044"]
[PlyCount "84"]
[EventDate "2022.09.01"]
[EventType "swiss"]
[EventRounds "9"]
[EventCountry "BRA"]
[SourceTitle "CBM 210 Extra"]
[Source "ChessBase"]
[SourceDate "2022.11.30"]
[SourceVersion "1"]
[SourceVersionDate "2022.11.30"]
[SourceQuality "1"]

1. d4 Nf6 2. Bf4 d5 3. e3 c5 4. c3 Nc6 5. Nd2 Qb6 6. Qc2 g6 7. f3 cxd4 8. exd4 Nh5 9. Be3 e5 10. Nb3 Bg7 11. Qe2 Qc7 12. g4 Nf6 13. dxe5 Qxe5 14. Bc5 Be6 15. Qxe5 Nxe5 16. Bb5+ Bd7 17. Bxd7+ Nfxd7 18. Ba3 Nc4 19. Ne2 Nde5 20. Kf2 Nd3+ 21. Kg3 g5 22. Bc5 Be5+ 23. Kg2 0-0-0 24. Be7 Rdg8 25. h4 gxh4 26. Nbd4 Ne3+ 27. Kg1 f5 28. g5 Kd7 29. f4 Kxe7 30. fxe5 Rxg5+ 31. Kh2 Rhg8 32. Rhg1 Rg2+ 33. Rxg2 Rxg2+ 34. Kh3 Nf2+ 35. Kxh4 Ne4 36. Kh3 Rg6 37. Kh2 Ng4+ 38. Kh3 Ne3 39. Kh2 Rg4 40. Rh1 Rg2+ 41. Kh3 Nf2+ 42. Kh4 Nxh1 0-1

[Event "Niteroi op 2nd"]
[Site "Niteroi"]
[Date "2022.09.02"]
[Round "2"]
[White "Almeida Junior, Alvaro Alves de"]
[Black "De Souza, Jose Alberto Martim"]
[Result "1-0"]
[WhiteElo "2044"]
[BlackElo "1548"]
[PlyCount "61"]
[EventDate "2022.09.01"]
[EventType "swiss"]
[EventRounds "9"]
[EventCountry "BRA"]
[SourceTitle "CBM 210 Extra"]
[Source "ChessBase"]
[SourceDate "2022.11.30"]
[SourceVersion "1"]
[SourceVersionDate "2022.11.30"]
[SourceQuality "1"]

1. e4 e6 2. d4 d5 3. Nd2 c5 4. exd5 exd5 5. Ngf3 Nf6 6. Bb5+ Bd7 7. Bxd7+ Nbxd7 8. 0-0 Be7 9. dxc5 Nxc5 10. Nb3 0-0 11. c3 Qc7 12. Bg5 Rad8 13. Nbd4 Nce4 14. Bh4 Rfe8 15. Qb3 Ng4 16. Bxe7 Rxe7 17. Rad1 Ng5 18. h3 Nxf3+ 19. Nxf3 Nf6 20. Rfe1 Rxe1+ 21. Rxe1 h6 22. Nd4 Ne4 23. Rd1 b6 24. Nf3 Qc5 25. Rd4 Kf8 26. Ne5 Ke7 27. Qa4 Qc7 28. Nc6+ Ke6 29. Nxd8+ Qxd8 30. c4 Qf6 31. cxd5+ 1-0

[Event "Titled Tuesday intern op 23rd Aug Late"]
[Site "Chess.com INT"]
[Date "2022.08.23"]
[Round "4"]
[White "Almeida Junior, Alvaro Alves de"]
[Black "Hartikainen, Jarmo"]
[Result "1-0"]
[WhiteElo "2044"]
[BlackElo "2133"]
[PlyCount "71"]
[EventDate "2022.08.23"]
[EventType "swiss (blitz)"]
[EventRounds "11"]
[EventCountry "USA"]
[SourceTitle "EXT 2023"]
[Source "ChessBase"]
[SourceDate "2022.10.05"]
[SourceVersion "1"]
[SourceVersionDate "2022.10.05"]
[SourceQuality "1"]

1. e4 c5 2. Nf3 d6 3. d4 cxd4 4. Nxd4 Nf6 5. Nc3 Nc6 6. Be2 e5 7. Nb3 Be7 8. Be3 Be6 9. f3 a6 10. Qd2 0-0 11. g4 d5 12. exd5 Nxd5 13. Nxd5 Qxd5 14. Qxd5 Bxd5 15. 0-0-0 Rad8 16. Kb1 b5 17. Rhf1 Bxb3 18. axb3 Nd4 19. Bd3 g6 20. f4 exf4 21. Bxf4 Ne6 22. Bg3 Nc5 23. Be2 Rxd1+ 24. Rxd1 Rd8 25. Rxd8+ Bxd8 26. Bf3 a5 27. Bd6 Ne6 28. b4 axb4 29. Bxb4 Nd4 30. Bd5 Bc7 31. h3 h5 32. gxh5 gxh5 33. c3 Ne6 34. Bc6 Nf4 35. Bxb5 Ng6 36. Be2 1-0

[Event "Titled Tuesday intern op 23rd Aug Late"]
[Site "Chess.com INT"]
[Date "2022.08.23"]
[Round "5"]
[White "Almeida Junior, Alvaro Alves de"]
[Black "Putnam, Liam H"]
[Result "1/2-1/2"]
[WhiteElo "2044"]
[BlackElo "2204"]
[PlyCount "185"]
[EventDate "2022.08.23"]
[EventType "swiss (blitz)"]
[EventRounds "11"]
[EventCountry "USA"]
[SourceTitle "EXT 2023"]
[Source "ChessBase"]
[SourceDate "2022.10.05"]
[SourceVersion "1"]
[SourceVersionDate "2022.10.05"]
[SourceQuality "1"]

1. e4 e6 2. d4 d5 3. Nd2 Nf6 4. e5 Nfd7 5. Bd3 c5 6. c3 Nc6 7. Ne2 cxd4 8. cxd4 f6 9. exf6 Qxf6 10. Nf3 Bd6 11. Bg5 Qf7 12. Bh4 Nf6 13. 0-0 0-0 14. Ng3 h6 15. Bxf6 Qxf6 16. Rc1 e5 17. dxe5 Nxe5 18. Nxe5 Bxe5 19. Be2 Bxb2 20. Nh5 Qf7 21. Rc5 Be6 22. Bf3 Rad8 23. Qe2 Bd4 24. Rcc1 Rfe8 25. Qd3 Be5 26. Ng3 Bf4 27. Rcd1 Bxg3 28. hxg3 Qf6 29. Rfe1 Re7 30. Qb5 a6 31. Qa4 Red7 32. Qd4 Qxd4 33. Rxd4 Bf7 34. Red1 Be6 35. g4 Kf7 36. g5 hxg5 37. Bg4 Bxg4 38. Rxg4 Kf6 39. Rd3 d4 40. g3 Kf5 41. f3 Rd5 42. Re4 g6 43. g4+ Kf6 44. Kg2 Re5 45. Rexd4 Rxd4 46. Rxd4 Re2+ 47. Kg3 Rxa2 48. Rd6+ Kg7 49. Rd7+ Kh6 50. Rxb7 a5 51. Ra7 a4 52. Ra8 Ra1 53. Rh8+ Kg7 54. Ra8 Kf6 55. Ra5 a3 56. Kh2 a2 57. Kg2 Ke6 58. Kh2 Kd6 59. Kg2 Kc6 60. Kh2 Kb6 61. Ra8 Kc5 62. Kg2 Kd4 63. Ra3 Kc4 64. Ra8 Kc3 65. Rc8+ Kd2 66. Ra8 Kd3 67. Ra3+ Ke2 68. Ra8 Ke3 69. Ra3+ Kd4 70. Ra8 Kc5 71. Ra3 Kb6 72. Kh2 Rf1 73. Rxa2 Rxf3 74. Kg2 Re3 75. Rf2 Re6 76. Kg3 Kc5 77. Rd2 Re3+ 78. Kf2 Re4 79. Kf3 Rf4+ 80. Kg3 Kc4 81. Rd6 Rd4 82. Rxg6 Rd3+ 83. Kg2 Rd5 84. Rf6 Kd4 85. Kf3 Rc5 86. Rf5 Rc3+ 87. Kg2 Rc2+ 88. Kg3 Rc3+ 89. Kg2 Rc5 90. Kf3 Rc3+ 91. Kf2 Rc2+ 92. Kg3 Rc3+ 93. Kg2 1/2-1/2